00410nam a2200181Ia 4500008004100000020001800041050001400059100002300073245001000096245002300106260001500129260001600144260000900160300001400169300002700183300001000210500000800220170918s9999 xx 000 0 und d a9780545303026 bR464 2004 aReynolds, Peter H. aIsh / cPeter H. Reynolds. aNew York : bScholastic, c2004 aunpaged : bcolored illustration ; c19cm. a440